|
|
|
|
| LEADER |
00000cam a2200000 a 4500 |
| 001 |
vtls001455937 |
| 003 |
SK-MaSNL |
| 005 |
20260301121506.0 |
| 008 |
240318s1911 hu g 00000 hun |
| 035 |
|
|
|a SNK000411244
|
| 040 |
|
|
|a SNK
|b slo
|c SNK
|e AACR2
|
| 041 |
0 |
|
|a hun
|
| 044 |
|
|
|a hu
|c HU
|
| 100 |
1 |
|
|a Sándor, Aladár
|4 aut
|9 465683
|
| 245 |
1 |
0 |
|a Magyar törvények
|b 1868-1875. Évi törvénycikkek
|c Aladár Sándor
|
| 260 |
|
|
|a Budapest
|b Révai Testvérek Irodalmi Intézet Réservénytársaság
|c 1911
|
| 300 |
|
|
|a 805 s.
|
| 648 |
|
7 |
|a 1868-1875
|2 SNKPH
|9 465684
|
| 651 |
|
7 |
|a Maďarsko
|2 SNKPH
|9 16754
|
| 655 |
|
7 |
|a právne predpisy
|2 SNKPH
|9 70481
|
| 852 |
|
|
|a Slovenská národná knižnica v Martine
|b SC 26709/1868-1875
|
| 999 |
|
|
|c 729596
|d 731526
|
| 952 |
|
|
|a SNK
|b SNK
|y PREZ
|7 0
|p 17A1315512
|o snkSC 26709 D2
|i snkD 450/81
|8 1
|3 rekatalogizácia
|0 0
|1 0
|4 0
|d 2020-03-03
|l 0
|r 2026-02-23 22:25:07
|w 2026-02-23
|